000 00245nam a22001097a 4500
003 OSt
008 250103b |||||||| |||| 00| 0 eng d
041 _aeng
100 _aKulkarni
_96731
245 _aText Book of Building Construction
942 _cBK
999 _c18885
_d18885